[Event "45th Olympiad 2024"]
[Site "Budapest HUN"]
[Date "2024.09.11"]
[Round "1.24"]
[Board "3"]
[White "Petkov, Momchil"]
[Black "Momin Fayzan"]
[Result "1-0"]
[WhiteTitle "GM"]
[WhiteElo "2540"]
[BlackElo "2064"]
[WhiteTeam "Bulgaria"]
[BlackTeam "Pakistan"]
[WhiteFideId "2921642"]
[BlackFideId "7805225"]
[EventDate "2024.09.11"]

1. e4 c5 2. Nf3 d6 3. Nc3 a6 4. g3 Nc6 5. Bg2 g6 6. d4 cxd4 7. Nxd4 Bg7 8. Be3
Bd7 9. O-O Nf6 10. h3 O-O 11. Nde2 Rc8 12. Rc1 b5 13. Nd5 Nxd5 14. exd5 Na5 15.
b3 Qc7 16. Qd2 Rfe8 17. c3 Nb7 18. Nd4 Nc5 19. c4 Qb8 20. cxb5 Bxb5 21. Rfd1
Bxd4 22. Bxd4 Rc7 23. Qh6 e5 24. dxe6 fxe6 25. Qe3 Qc8 26. Bb2 Nd3 27. Rxc7 Qxc7
28. Rxd3 Bxd3 29. Qxd3 Qb6 30. Qc3 e5 31. Bd5+ Kg7 32. Bc1 Qb8 33. Qe3 Qc7 34.
Qh6+ Kh8 35. Bg5 Qg7 36. Qh4 Rf8 37. Bh6 Qf6 38. Bxf8 1-0

[Event "45th Olympiad 2024"]
[Site "Budapest HUN"]
[Date "2024.09.11"]
[Round "1.24"]
[Board "4"]
[White "Mudasir, Iqbal"]
[Black "Grigorov, Grigor"]
[Result "0-1"]
[BlackTitle "GM"]
[WhiteElo "2055"]
[BlackElo "2514"]
[WhiteTeam "Pakistan"]
[BlackTeam "Bulgaria"]
[WhiteFideId "7801114"]
[BlackFideId "2907313"]
[EventDate "2024.09.11"]

1. e4 c6 2. d4 d5 3. f3 Qb6 4. c3 e5 5. exd5 cxd5 6. Qe2 Nc6 7. dxe5 Bc5 8. Nh3
Bxh3 9. gxh3 O-O-O 10. f4 Nh6 11. b4 Be7 12. Be3 Bh4+ 13. Bf2 Bxf2+ 14. Qxf2 d4
15. b5 Ne7 16. Be2 Nhf5 17. cxd4 Qa5+ 18. Nd2 Rxd4 19. Bg4 Kb8 20. b6 Rhd8 21.
bxa7+ Ka8 22. Rd1 Re4+ 23. Be2 Nd4 24. O-O Nxe2+ 25. Kh1 Rxd2 26. Rxd2 Qxd2 27.
Qc5 Nxf4 28. Qg1 Qd5 29. Qxg7 Re2+ 0-1

[Event "45th Olympiad 2024"]
[Site "Budapest HUN"]
[Date "2024.09.11"]
[Round "1.25"]
[Board "1"]
[White "Kao, Jamison Edrich"]
[Black "Kozak, Adam"]
[Result "0-1"]
[BlackTitle "GM"]
[WhiteElo "2125"]
[BlackElo "2609"]
[WhiteTeam "Hong Kong, China"]
[BlackTeam "Hungary B"]
[WhiteFideId "6007937"]
[BlackFideId "753246"]
[EventDate "2024.09.11"]

1. e4 c5 2. Nf3 Nc6 3. Bb5 Nf6 4. Bxc6 dxc6 5. d3 Bg4 6. Nbd2 Nd7 7. h3 Bh5 8.
b3 e5 9. g4 Bg6 10. Bb2 f6 11. Nh4 Bf7 12. Qe2 g6 13. f4 exf4 14. g5 Bg7 15.
Nhf3 O-O 16. h4 Be6 17. Qg2 Ne5 18. O-O-O Ng4 19. Rdg1 Qc7 20. gxf6 Bxf6 21. e5
Nxe5 22. Ne4 Nxf3 23. Nxf6+ Rxf6 24. Qxf3 Rf5 25. Qe4 Qf7 26. h5 g5 27. h6 Bd5
28. Qe1 Bxh1 29. Qc3 Kf8 30. Rxh1 Re8 31. Rg1 Qg6 32. Ba3 b6 33. d4 Qf6 34. Qh3
f3 35. c4 f2 0-1

[Event "45th Olympiad 2024"]
[Site "Budapest HUN"]
[Date "2024.09.11"]
[Round "1.25"]
[Board "2"]
[White "Prohaszka, Peter2"]
[Black "Lam, Daniel King Wai"]
[Result "1-0"]
[WhiteTitle "GM"]
[BlackTitle "FM"]
[WhiteElo "2542"]
[BlackElo "2088"]
[WhiteTeam "Hungary B"]
[BlackTeam "Hong Kong, China"]
[WhiteFideId "726265"]
[BlackFideId "6001238"]
[EventDate "2024.09.11"]

1. d4 d5 2. c4 e6 3. Nc3 Nf6 4. cxd5 exd5 5. Bg5 Be7 6. e3 O-O 7. Bd3 c6 8. h3
Nbd7 9. Qc2 Re8 10. Nf3 Nf8 11. O-O g6 12. Bh6 Ne6 13. Ne5 Ng7 14. g4 Nd7 15. f4
Bd6 16. Qf2 f6 17. Nf3 Nf8 18. a3 Be6 19. Rae1 Bf7 20. Ne5 Qc7 21. Nxf7 Qxf7 22.
e4 dxe4 23. Nxe4 Red8 24. Nxf6+ Kh8 25. Ne4 Nfe6 26. Bc4 Qc7 27. Bxg7+ Nxg7 28.
Ng5 Rf8 29. Qh4 h5 30. Ne6 Nxe6 31. Rxe6 Bxf4 32. Rxg6 Qh7 33. Bd3 1-0

[Event "45th Olympiad 2024"]
[Site "Budapest HUN"]
[Date "2024.09.11"]
[Round "1.25"]
[Board "3"]
[White "Chan, Pui Yin Brandon"]
[Black "Antal, Gergely"]
[Result "0-1"]
[BlackTitle "GM"]
[WhiteElo "2016"]
[BlackElo "2544"]
[WhiteTeam "Hong Kong, China"]
[BlackTeam "Hungary B"]
[WhiteFideId "6006647"]
[BlackFideId "717312"]
[EventDate "2024.09.11"]

1. c4 e5 2. Nc3 Nf6 3. Nf3 Nc6 4. e4 Bb4 5. d3 d6 6. a3 Bxc3+ 7. bxc3 O-O 8. Rb1
h6 9. g3 Nh7 10. Bg2 Rb8 11. Be3 b6 12. O-O Be6 13. h3 Ne7 14. Nh4 f5 15. exf5
Nxf5 16. Nxf5 Bxf5 17. f4 Qe8 18. g4 Bd7 19. Qe1 Bc6 20. Qg3 Bxg2 21. Qxg2 exf4
22. Bxf4 Qg6 23. Qg3 Rbe8 24. Rb2 Nf6 25. Rg2 Nd7 26. Rf3 Nc5 27. Rd2 Rf7 28.
Be3 Nd7 29. Rxf7 Qxf7 30. Rf2 Qe6 31. Bd2 Ne5 32. Bf4 Ng6 33. Bd2 a6 34. Kh2 Ne5
35. Bf4 Nd7 36. Qf3 Rf8 37. Qg2 Nc5 38. Qf1 Qg6 39. d4 Nd3 40. Rf3 Nxf4 41. Rxf4
Qc2+ 42. Kh1 Rxf4 43. Qxf4 Qxc3 44. d5 Qxh3+ 45. Kg1 Qxa3 46. Qf5 Qg3+ 47. Kf1
Qe5 48. Qc8+ Kh7 49. Qxc7 Qf4+ 50. Ke1 Qe3+ 51. Kf1 Qf4+ 52. Ke1 Qc1+ 53. Ke2
Qb2+ 54. Kd1 Qb3+ 55. Ke2 Qb4 56. Kd1 a5 57. Qd7 Qb1+ 58. Kd2 Qb2+ 59. Kd1 Qd4+
60. Ke1 Qe5+ 61. Kd2 Kg6 62. Qc6 a4 63. Qxa4 Qd4+ 64. Kc2 Qxg4 65. Qe8+ Kh7 66.
Kc3 h5 67. Qe3 h4 68. Qxb6 Qg3+ 69. Kb4 Qe1+ 0-1

[Event "45th Olympiad 2024"]
[Site "Budapest HUN"]
[Date "2024.09.11"]
[Round "1.25"]
[Board "4"]
[White "Papp, Gabor1"]
[Black "Chan, Wang Ip Boris"]
[Result "1-0"]
[WhiteTitle "GM"]
[WhiteElo "2550"]
[BlackElo "2016"]
[WhiteTeam "Hungary B"]
[BlackTeam "Hong Kong, China"]
[WhiteFideId "718602"]
[BlackFideId "6006027"]
[EventDate "2024.09.11"]

1. e4 c6 2. d4 d5 3. e5 Bf5 4. h4 h5 5. c4 e6 6. Nc3 dxc4 7. Bxc4 Nd7 8. Nge2
Be7 9. Ng3 Bg6 10. Be2 c5 11. d5 Nxe5 12. Bf4 Bf6 13. Qa4+ Kf8 14. O-O-O Ne7 15.
dxe6 Qb6 16. Nge4 Qxe6 17. Qxa7 Qc8 18. Qb6 Nd7 19. Qd6 Bd4 20. Bb5 Nf6 21. Rhe1
Nxe4 22. Nxe4 Qf5 23. Bd7 Qd5 24. Nc3 1-0

[Event "45th Olympiad 2024"]
[Site "Budapest HUN"]
[Date "2024.09.11"]
[Round "1.26"]
[Board "1"]
[White "Demchenko, Anton"]
[Black "Pg, Md Omar Ak Hafizon"]
[Result "1-0"]
[WhiteTitle "GM"]
[BlackTitle "CM"]
[WhiteElo "2597"]
[BlackElo "2159"]
[WhiteTeam "Slovenia"]
[BlackTeam "Brunei Darussalam"]
[WhiteFideId "4160258"]
[BlackFideId "10500499"]
[EventDate "2024.09.11"]

1. e4 c5 2. Nf3 e6 3. d4 cxd4 4. Nxd4 a6 5. a3 Nf6 6. Nc3 Qc7 7. f4 d6 8. g4 Nc6
9. g5 Nd7 10. Be3 b5 11. Nxc6 Qxc6 12. Qd4 Rb8 13. Be2 Qb6 14. Qd2 Qb7 15. h4
Nc5 16. Bf3 b4 17. axb4 Qxb4 18. O-O Bb7 19. Bd4 h6 20. Qf2 hxg5 21. fxg5 f6 22.
gxf6 gxf6 23. Bxf6 Rg8+ 24. Bg5 Be7 25. Bg2 Rxg5 26. hxg5 Kd7 27. Qe3 Rg8 28.
Rf7 Ke8 29. Raf1 Bxg5 30. Qf2 Bh6 31. Qf6 Bg5 32. Re7+ Kd8 33. Rxb7+ 1-0

[Event "45th Olympiad 2024"]
[Site "Budapest HUN"]
[Date "2024.09.11"]
[Round "1.26"]
[Board "3"]
[White "Sebenik, Matej"]
[Black "Lim Teck Guan, Rodney"]
[Result "1-0"]
[WhiteTitle "GM"]
[WhiteElo "2515"]
[BlackElo "1931"]
[WhiteTeam "Slovenia"]
[BlackTeam "Brunei Darussalam"]
[WhiteFideId "14602296"]
[BlackFideId "10502629"]
[EventDate "2024.09.11"]

1. e4 e6 2. d4 d5 3. e5 c5 4. c3 Nc6 5. Nf3 Nge7 6. Na3 Nf5 7. Nc2 Qb6 8. Bd3
Bd7 9. dxc5 Bxc5 10. O-O g6 11. Bg5 h6 12. Bf6 Rh7 13. g4 Ng7 14. Qd2 Kf8 15. h4
h5 16. g5 Nf5 17. Bxf5 exf5 18. b4 Be7 19. Ne3 Be6 20. Nxd5 Rd8 21. Nxb6 Rxd2
22. Nxd2 axb6 23. f4 Ke8 24. Rfd1 Kd7 25. b5 Bc5+ 26. Kh2 Ne7 27. Ne4+ Kc7 28.
Nxc5 bxc5 29. Bxe7 Rh8 30. Bxc5 Ra8 31. Rd6 Bd7 32. a4 1-0

[Event "45th Olympiad 2024"]
[Site "Budapest HUN"]
[Date "2024.09.11"]
[Round "1.27"]
[Board "1"]
[White "Mfune, Petros"]
[Black "Brkic, Ante"]
[Result "0-1"]
[WhiteTitle "CM"]
[BlackTitle "GM"]
[WhiteElo "1986"]
[BlackElo "2642"]
[WhiteTeam "Malawi"]
[BlackTeam "Croatia"]
[WhiteFideId "20500033"]
[BlackFideId "14506688"]
[EventDate "2024.09.11"]

1. e4 c5 2. Nf3 d6 3. d4 cxd4 4. Nxd4 Nf6 5. Nc3 a6 6. Be3 e5 7. Nb3 Be7 8. Be2
Be6 9. O-O O-O 10. Nd5 Nbd7 11. Nxe7+ Qxe7 12. Bf3 Rfd8 13. Qe2 Rac8 14. Rfd1 h6
15. Qd2 Nf8 16. Bb6 Rd7 17. Rac1 Ng6 18. g3 d5 19. exd5 Bxd5 20. Bxd5 Rxd5 21.
Qe2 Qe6 22. Rxd5 Nxd5 23. Ba5 Qf5 24. c4 Nf6 25. f3 h5 26. Nd2 h4 27. Ne4 hxg3
28. Nxf6+ Qxf6 29. hxg3 Qg5 30. Qe1 Nh4 31. Kf2 Nf5 32. g4 Nd4 33. Qe3 Nxf3 34.
Qxg5 Nxg5 35. b3 Kf8 36. Ke3 Ke8 37. Rh1 f6 38. Rh8+ Kd7 39. Rxc8 Kxc8 40. Be1
Kd7 41. Bh4 Nf7 42. Ke4 Ke6 43. Be1 g6 44. Bh4 f5+ 45. gxf5+ gxf5+ 46. Kd3 f4
47. c5 Kd5 48. Be7 e4+ 49. Ke2 e3 50. b4 Ke4 51. a4 f3+ 52. Ke1 Ne5 53. Kf1 e2+ 0-1

[Event "45th Olympiad 2024"]
[Site "Budapest HUN"]
[Date "2024.09.11"]
[Round "1.27"]
[Board "2"]
[White "Martinovic, Sasa"]
[Black "Mwale, Joseph"]
[Result "1-0"]
[WhiteTitle "GM"]
[BlackTitle "FM"]
[WhiteElo "2563"]
[BlackElo "2063"]
[WhiteTeam "Croatia"]
[BlackTeam "Malawi"]
[WhiteFideId "14509792"]
[BlackFideId "16400135"]
[EventDate "2024.09.11"]

1. d4 e6 2. c4 Nf6 3. Nc3 Bb4 4. e3 d5 5. a3 Bxc3+ 6. bxc3 c5 7. cxd5 exd5 8.
Bd3 Nc6 9. Ne2 O-O 10. f3 Re8 11. O-O Rb8 12. Nf4 b5 13. g4 a5 14. h4 b4 15.
axb4 axb4 16. g5 Nd7 17. Nxd5 bxc3 18. Be4 Nf8 19. dxc5 Bh3 20. Rf2 Ne6 21. Nxc3
Nxc5 22. Qxd8 Nxd8 23. Rb2 Rxb2 24. Bxb2 Nxe4 25. Nxe4 Nc6 26. Kf2 Nb4 27. Bc3
Nd5 28. Bd4 Rc8 29. Ra7 Rc7 30. Ra5 Ne7 31. Nd6 Bd7 32. e4 Nc8 33. Ra8 h6 34.
gxh6 gxh6 35. f4 Kh7 36. f5 Kg8 37. Ke3 Kf8 38. Bf6 Rc6 39. e5 Rc1 40. Rb8 Rc7
41. Kf4 Kg8 42. Kg4 Kh7 43. Kh5 Ba4 44. Kg4 Bd7 45. h5 Kg8 46. Kf4 Kf8 47. Ke4
Rc1 48. Kd4 Rd1+ 49. Ke3 Rc1 50. Kd2 Rc7 51. Kd3 Rc1 52. Rb7 Nxd6 53. Rxd7 Ne8
54. Be7+ Kg8 55. Ra7 Rc8 56. Ra1 Ng7 57. Ke4 Nxh5 58. f6 Ng3+ 59. Kf4 Ne2+ 60.
Ke3 Nc3 61. Kd4 Nb5+ 62. Ke4 Nc3+ 63. Kf5 Nd5 64. Rg1+ Kh8 65. e6 fxe6+ 66. Kxe6
Nf4+ 67. Kd7 Ra8 68. f7 Ra7+ 69. Kd6 Ra6+ 70. Ke5 Ne6 71. Rg6 1-0

[Event "45th Olympiad 2024"]
[Site "Budapest HUN"]
[Date "2024.09.11"]
[Round "1.27"]
[Board "3"]
[White "Chipanga, Chiletso"]
[Black "Livaic, Leon"]
[Result "0-1"]
[WhiteTitle "CM"]
[BlackTitle "GM"]
[WhiteElo "2089"]
[BlackElo "2550"]
[WhiteTeam "Malawi"]
[BlackTeam "Croatia"]
[WhiteFideId "16400119"]
[BlackFideId "14531534"]
[EventDate "2024.09.11"]

1. e4 c5 2. Nf3 Nc6 3. c3 Nf6 4. e5 Nd5 5. Bc4 Nb6 6. Bb3 c4 7. Bc2 d5 8. h3 Qc7
9. Qe2 Nd7 10. e6 fxe6 11. O-O e5 12. b3 cxb3 13. axb3 e4 14. Ne1 Nf6 15. d3 e5
16. dxe4 d4 17. f4 dxc3 18. fxe5 Nxe5 19. Bf4 Bd6 20. Kh1 O-O 21. Nf3 Nh5 22.
Bh2 Nxf3 23. Rxf3 Rxf3 24. Qxf3 Bxh2 25. Qxh5 Qe5 26. Qe2 Be6 27. Na3 Bf4 28.
Nc4 Qg5 29. Qf3 Rf8 30. Rf1 Bd6 31. Qe2 Rxf1+ 32. Qxf1 Bc7 33. Qd3 b5 34. Ne3
Qe5 35. Nf1 a5 36. Kg1 Bb6+ 37. Kh1 Qd4 38. Qxd4 Bxd4 39. Ng3 b4 40. Ne2 Be3 41.
Bd1 a4 42. bxa4 Bc4 43. Nxc3 bxc3 44. Bc2 Kf7 45. Kh2 Ke6 46. Kg3 Be2 47. a5 Ke5 0-1

[Event "45th Olympiad 2024"]
[Site "Budapest HUN"]
[Date "2024.09.11"]
[Round "1.27"]
[Board "4"]
[White "Stevic, Hrvoje"]
[Black "Mwale, George"]
[Result "1-0"]
[WhiteTitle "GM"]
[BlackTitle "CM"]
[WhiteElo "2531"]
[BlackElo "2056"]
[WhiteTeam "Croatia"]
[BlackTeam "Malawi"]
[WhiteFideId "14502569"]
[BlackFideId "20500254"]
[EventDate "2024.09.11"]

1. e4 c6 2. d4 d5 3. Nc3 dxe4 4. Nxe4 Bf5 5. Ng3 Bg6 6. Nh3 Nf6 7. Nf4 e6 8. h4
Bd6 9. h5 Bf5 10. Nxf5 Qa5+ 11. Bd2 Qxf5 12. Bd3 Qg4 13. Be2 Qf5 14. Bd3 Qg4 15.
Qxg4 Nxg4 16. f3 Nf6 17. O-O-O Nbd7 18. g4 O-O-O 19. h6 g6 20. Nh3 Rdf8 21. Rhe1
b5 22. c3 Nd5 23. Kc2 Re8 24. Ng5 Re7 25. a4 a6 26. axb5 axb5 27. Ra1 Kb7 28.
Ra2 Bb8 29. b3 Nc7 30. c4 Ba7 31. Bb4 c5 32. Be4+ Kb8 33. Rea1 cxb4 34. Rxa7 Rd8
35. Rb7+ Kc8 36. Raa7 Nf6 37. Bc6 Nfe8 38. cxb5 1-0

[Event "45th Olympiad 2024"]
[Site "Budapest HUN"]
[Date "2024.09.11"]
[Round "1.28"]
[Board "1"]
[White "Vocaturo, Daniele"]
[Black "Van Bemmelen, Ursus"]
[Result "1-0"]
[WhiteTitle "GM"]
[BlackTitle "FM"]
[WhiteElo "2600"]
[BlackElo "2146"]
[WhiteTeam "Italy"]
[BlackTeam "Netherlands Antilles"]
[WhiteFideId "813192"]
[BlackFideId "7501013"]
[EventDate "2024.09.11"]

1. e4 e6 2. d4 d5 3. e5 c5 4. c3 Qb6 5. Nf3 Bd7 6. Be2 Bb5 7. Bxb5+ Qxb5 8. Na3
Qd7 9. Nc2 Nc6 10. O-O cxd4 11. cxd4 Nge7 12. Qd3 h5 13. Bg5 Nf5 14. Ne3 Be7 15.
Nxf5 exf5 16. Bxe7 Nxe7 17. Ng5 Rh6 18. h4 Rb6 19. Rfe1 Rc8 20. Qe2 g6 21. e6
fxe6 22. Qe5 1-0

[Event "45th Olympiad 2024"]
[Site "Budapest HUN"]
[Date "2024.09.11"]
[Round "1.28"]
[Board "2"]
[White "Capella, Rurik"]
[Black "Lodici, Lorenzo"]
[Result "0-1"]
[WhiteTitle "FM"]
[BlackTitle "GM"]
[WhiteElo "1971"]
[BlackElo "2556"]
[WhiteTeam "Netherlands Antilles"]
[BlackTeam "Italy"]
[WhiteFideId "7501005"]
[BlackFideId "884189"]
[EventDate "2024.09.11"]

1. e4 c5 2. Nf3 d6 3. c3 Nf6 4. h3 g6 5. Bd3 Bg7 6. Bc2 b5 7. O-O Bb7 8. Re1 Nc6
9. Qe2 a6 10. a4 b4 11. d4 bxc3 12. e5 dxe5 13. dxe5 cxb2 14. Bxb2 Nd5 15. Nc3
Nxc3 16. Bxc3 O-O 17. Qc4 Rc8 18. Be4 Rc7 19. Rab1 Qc8 20. Rb6 Nb8 21. Reb1 Bxe4
22. Rxb8 Qf5 23. Nh4 Bd3 24. Qd5 Qe4 25. Rxf8+ Bxf8 26. Qd8 Bxb1 27. e6 fxe6 28.
Qxc7 Qxh4 29. Qxc5 Qxa4 30. Qe5 Qd1+ 0-1

[Event "45th Olympiad 2024"]
[Site "Budapest HUN"]
[Date "2024.09.11"]
[Round "1.28"]
[Board "3"]
[White "Moroni, Luca Jr"]
[Black "Van Opstal, Rurik"]
[Result "1-0"]
[WhiteTitle "GM"]
[WhiteElo "2558"]
[BlackElo "2006"]
[WhiteTeam "Italy"]
[BlackTeam "Netherlands Antilles"]
[WhiteFideId "865834"]
[BlackFideId "7502621"]
[EventDate "2024.09.11"]

1. c4 e5 2. Nc3 Nc6 3. g3 f5 4. Bg2 Bb4 5. Nd5 Be7 6. e3 Nf6 7. Ne2 O-O 8. O-O
d6 9. Nec3 Kh8 10. d3 Nxd5 11. Nxd5 Bf6 12. Bd2 Ne7 13. Nxf6 Rxf6 14. Bc3 Qe8
15. f4 Ng6 16. Qh5 Rf8 17. Rae1 Qf7 18. b3 c6 19. e4 exf4 20. gxf4 Bd7 21. Re3
fxe4 22. f5 Ne5 23. Qxf7 Rxf7 24. dxe4 Rf6 25. Rd1 Re8 26. c5 Rh6 27. Rg3 d5 28.
exd5 cxd5 29. Rxd5 1-0

[Event "45th Olympiad 2024"]
[Site "Budapest HUN"]
[Date "2024.09.11"]
[Round "1.28"]
[Board "4"]
[White "Blijstra, Willem"]
[Black "Sonis, Francesco"]
[Result "0-1"]
[WhiteTitle "FM"]
[BlackTitle "GM"]
[WhiteElo "2063"]
[BlackElo "2554"]
[WhiteTeam "Netherlands Antilles"]
[BlackTeam "Italy"]
[WhiteFideId "1018000"]
[BlackFideId "895733"]
[EventDate "2024.09.11"]

1. d4 Nf6 2. Bf4 e6 3. e3 b6 4. Nf3 Be7 5. Bd3 Bb7 6. h3 c5 7. Nbd2 cxd4 8. exd4
O-O 9. O-O d6 10. c4 d5 11. b3 Nc6 12. Rc1 Ba3 13. Rb1 Bb4 14. Be3 Rc8 15. Ne5
Be7 16. Nxc6 Bxc6 17. Rc1 dxc4 18. bxc4 Qd6 19. Qb3 Rfd8 20. Rfd1 Qd7 21. Bc2 b5
22. cxb5 Bxb5 23. Qb1 Ba3 24. Nb3 Bxc1 25. Rxc1 Ba4 26. Nc5 Bxc2 27. Nxd7 Bxb1
28. Nxf6+ gxf6 29. Rxb1 Rb8 30. Rd1 Rb2 31. Ra1 Rdb8 0-1

[Event "45th Olympiad 2024"]
[Site "Budapest HUN"]
[Date "2024.09.11"]
[Round "1.29"]
[Board "1"]
[White "Chinchilla, Alejandro Jose"]
[Black "Stremavicius, Titas"]
[Result "0-1"]
[WhiteTitle "FM"]
[BlackTitle "GM"]
[WhiteElo "2113"]
[BlackElo "2527"]
[WhiteTeam "Honduras"]
[BlackTeam "Lithuania"]
[WhiteFideId "8401136"]
[BlackFideId "12804444"]
[EventDate "2024.09.11"]

1. e4 c5 2. Nf3 Nc6 3. d4 cxd4 4. Nxd4 Nf6 5. Nc3 d6 6. Bg5 Bd7 7. Qd2 a6 8.
O-O-O e6 9. f4 b5 10. Bxf6 gxf6 11. Kb1 Qb6 12. Nxc6 Bxc6 13. Qd3 h5 14. g3 b4
15. Ne2 f5 16. Bg2 Qb7 17. Nd4 Bxe4 18. Bxe4 fxe4 19. Qb3 d5 20. c4 O-O-O 21.
Rc1 Bc5 22. cxd5 Rxd5 23. Qc4 Kb8 24. Nb3 Be3 25. Rce1 Ba7 26. a3 Rc8 27. Qxb4
Rb5 28. Qd6+ Ka8 29. Rc1 Rxc1+ 0-1

[Event "45th Olympiad 2024"]
[Site "Budapest HUN"]
[Date "2024.09.11"]
[Round "1.29"]
[Board "2"]
[White "Pultinevicius, Paulius"]
[Black "Colindres, Daniel"]
[Result "1-0"]
[WhiteTitle "GM"]
[BlackTitle "FM"]
[WhiteElo "2587"]
[BlackElo "2079"]
[WhiteTeam "Lithuania"]
[BlackTeam "Honduras"]
[WhiteFideId "12809390"]
[BlackFideId "8400040"]
[EventDate "2024.09.11"]

1. d4 Nf6 2. c4 e6 3. Nc3 Bb4 4. Qb3 c5 5. dxc5 Nc6 6. Nf3 O-O 7. a3 Bxc5 8. Bg5
Nd4 9. Nxd4 Bxd4 10. e3 Qa5 11. exd4 Qxg5 12. Nb5 d5 13. c5 e5 14. Qe3 Qxe3+ 15.
fxe3 exd4 16. exd4 Re8+ 17. Kd2 Ne4+ 18. Kc2 Nf2 19. Nd6 Re3 20. Rg1 Ne4 21.
Nxc8 Rxc8 22. b4 Rc6 23. Bd3 Nf2 24. Rge1 Rce6 25. Rxe3 Rxe3 26. Bf5 g6 27. Kd2
Re7 28. Rf1 Ne4+ 29. Bxe4 Rxe4 30. Kd3 Kf8 31. b5 f5 32. g3 Ke7 33. a4 Kd7 34.
a5 Kc7 35. Rb1 f4 36. gxf4 Rxf4 37. b6+ axb6 38. axb6+ Kc6 39. Re1 Rf3+ 40. Re3
Rf2 41. Re7 Rxh2 42. Rc7+ Kb5 43. Rxb7 Rh3+ 44. Ke2 Rh4 45. Rc7 Rh2+ 46. Kf3 1-0

[Event "45th Olympiad 2024"]
[Site "Budapest HUN"]
[Date "2024.09.11"]
[Round "1.29"]
[Board "3"]
[White "Gavarrete, Joel"]
[Black "Kazakouski, Valery"]
[Result "0-1"]
[BlackTitle "GM"]
[WhiteElo "2059"]
[BlackElo "2577"]
[WhiteTeam "Honduras"]
[BlackTeam "Lithuania"]
[WhiteFideId "8401160"]
[BlackFideId "13507443"]
[EventDate "2024.09.11"]

1. e4 c5 2. Nf3 Nc6 3. d4 cxd4 4. Nxd4 Nf6 5. Nc3 d6 6. Be2 e5 7. Nb3 Be7 8. Be3
Be6 9. O-O O-O 10. Kh1 a5 11. Nd2 Rb8 12. a4 d5 13. exd5 Nxd5 14. Nxd5 Qxd5 15.
Bc4 Qd7 16. c3 Bxc4 17. Nxc4 Qe6 18. Qe2 e4 19. Rfe1 f5 20. Bf4 Rbe8 21. f3 Bc5
22. Rad1 Qf7 23. Nd6 Bxd6 24. Bxd6 exf3 25. Qxf3 Rxe1+ 26. Rxe1 Rd8 27. Bf4 h6
28. h4 Qc4 29. Bg3 Rf8 30. Qe2 Qxa4 31. Qe6+ Kh7 32. c4 Qb3 33. Bd6 Rf6 34. Qd5
Qxb2 35. Re8 Qa1+ 36. Kh2 Qd4 37. Qg8+ Kg6 38. Bg3 f4 39. h5+ Kxh5 40. Be1 Kg6
41. Bh4 Ne5 42. Bxf6 Ng4+ 43. Kh3 Qd3+ 0-1

[Event "45th Olympiad 2024"]
[Site "Budapest HUN"]
[Date "2024.09.11"]
[Round "1.29"]
[Board "4"]
[White "Pidluznij, Gleb"]
[Black "Soliz Gabarrete, Luis Fernando"]
[Result "1-0"]
[WhiteTitle "FM"]
[WhiteElo "2425"]
[BlackElo "1920"]
[WhiteTeam "Lithuania"]
[BlackTeam "Honduras"]
[WhiteFideId "12817082"]
[BlackFideId "8403031"]
[EventDate "2024.09.11"]

1. e4 c6 2. Nf3 d5 3. d3 Bg4 4. h3 Bh5 5. Nbd2 Nd7 6. d4 dxe4 7. Nxe4 Ngf6 8.
Ng3 Bg6 9. Nh4 Qc7 10. Nxg6 hxg6 11. Be2 O-O-O 12. c3 e5 13. dxe5 Nxe5 14. Qa4
Nd3+ 15. Bxd3 Rxd3 16. Qxa7 Qe5+ 17. Ne2 Nd5 18. Qa8+ Kc7 19. Qa5+ Kc8 20. Bf4
Qe6 21. Qa8+ Kd7 22. Qxb7+ Kd8 23. Qb8+ Kd7 24. Qb7+ Kd8 25. Bg3 g5 26. O-O Rh6
27. Nd4 Qc8 28. Qxf7 Rf6 29. Qh5 c5 30. Qxg5 Qd7 31. Nf3 Rxf3 32. gxf3 Kc8 33.
Rad1 Rf5 34. Qg6 Bd6 35. Qxd6 1-0

[Event "45th Olympiad 2024"]
[Site "Budapest HUN"]
[Date "2024.09.11"]
[Round "1.30"]
[Board "1"]
[White "Andersen, Mads"]
[Black "Paiva, Donaldo"]
[Result "1-0"]
[WhiteTitle "GM"]
[BlackTitle "CM"]
[WhiteElo "2598"]
[BlackElo "2139"]
[WhiteTeam "Denmark"]
[BlackTeam "Mozambique"]
[WhiteFideId "1413864"]
[BlackFideId "14800098"]
[EventDate "2024.09.11"]

1. e4 c6 2. d4 d5 3. Nc3 dxe4 4. Nxe4 Nf6 5. Nxf6+ exf6 6. Be3 Bd6 7. Bd3 O-O 8.
Ne2 Re8 9. O-O Nd7 10. c4 Nf8 11. Qc2 Qc7 12. h3 Be6 13. Rad1 Rac8 14. Rfe1 Ng6
15. Nc3 Qd7 16. Bf1 Bf5 17. Qa4 Bb8 18. d5 Qd6 19. g3 c5 20. Bxc5 Qd7 21. Rxe8+
Rxe8 22. Qxd7 Bxd7 23. Bd4 h5 24. c5 Be5 25. b4 h4 26. Bxe5 fxe5 27. b5 hxg3 28.
fxg3 Rd8 29. c6 Be8 30. c7 Rc8 31. d6 Bd7 32. Bg2 1-0

[Event "45th Olympiad 2024"]
[Site "Budapest HUN"]
[Date "2024.09.11"]
[Round "1.30"]
[Board "2"]
[White "Andrade, Ivan"]
[Black "Thybo, Jesper Sondergaard"]
[Result "0-1"]
[BlackTitle "GM"]
[WhiteElo "2132"]
[BlackElo "2555"]
[WhiteTeam "Mozambique"]
[BlackTeam "Denmark"]
[WhiteFideId "14800039"]
[BlackFideId "1438832"]
[EventDate "2024.09.11"]

1. e4 e5 2. Nf3 Nc6 3. Bb5 g6 4. O-O Bg7 5. Re1 a6 6. Bxc6 dxc6 7. d3 c5 8. Bg5
Ne7 9. a4 a5 10. Na3 b6 11. Nc4 h6 12. Bh4 f6 13. Bg3 O-O 14. h3 Be6 15. Qe2 Qd7
16. b3 Rad8 17. Rad1 Nc6 18. c3 Rfe8 19. Qc2 Qf7 20. Nfd2 g5 21. Ne3 Rd7 22.
Ndc4 Ne7 23. f3 Red8 24. Bh2 h5 25. g4 Bf8 26. Kf2 Ng6 27. Ke2 Qh7 28. Rh1 Qh8
29. Bg3 Rh7 30. Qb1 Rdd7 31. Rdg1 Nf4+ 32. Bxf4 exf4 33. Ng2 hxg4 34. hxg4 Rh2
35. Rxh2 Qxh2 36. Qf1 Rh7 37. Nd2 c6 38. Qf2 b5 39. axb5 cxb5 40. Ra1 Ra7 41. b4
cxb4 42. cxb4 Bxb4 43. Nf1 Qh7 44. Qb6 Qd7 45. Qb8+ Bf8 46. Rc1 Rb7 47. Qa8 Rc7
48. Rxc7 Qxc7 49. Qe8 Bf7 50. Qa8 0-1